|
|
|
|
| LEADER |
00000nab a2200000 a 4500 |
| 001 |
vtls000702510 |
| 003 |
SK-MaSNL |
| 005 |
20260302181834.0 |
| 008 |
140228c1999 xo 0 slo |
| 015 |
|
|
|a SNBRB1999/10-23322
|
| 035 |
|
|
|a CLN000054677
|
| 040 |
|
|
|a SNKBUCL
|b slo
|c SNKBUCL
|e AACR2
|
| 041 |
0 |
|
|a slo
|
| 044 |
|
|
|a xo
|c SK
|
| 080 |
|
|
|a 347.457
|2 1997
|
| 080 |
|
|
|a 347.746
|2 1997
|
| 080 |
|
|
|a 336.777
|2 1997
|
| 080 |
|
|
|a 336.763.16
|2 1997
|
| 080 |
|
|
|a 336.717.13
|2 1997
|
| 100 |
1 |
|
|a Kseňák, Štefan,
|d 1970-
|4 aut
|9 12817
|
| 245 |
1 |
0 |
|a Výhodou je, že nároky zo zmeniek možno uplatniť aj cestou tzv. skráteného konania
|b ľahkú prevoditeľnosť zmenky možno obmedziť vyznačením rektadoložky
|c Štefan Kseňák
|
| 650 |
0 |
7 |
|a zmenky
|x právo zmenkové
|2 snkbucl
|9 893053
|
| 655 |
|
7 |
|a články z novín a časopisov
|2 snkbucl
|9 267496
|
| 773 |
0 |
|
|t Hospodárske noviny
|g Roč. 7, č. 196 (12.10.1999), s. 6
|x 0862-9567
|
| 850 |
|
|
|a Slovenská národná knižnica v Martine
|
| 852 |
|
|
|a SNK
|b KIS3GCP
|
| 958 |
|
|
|a SK
|
| 992 |
|
|
|a RBX
|
| 999 |
|
|
|c 1415721
|d 1417651
|